[Event "Texas Collegiate chT 2017"]
[Site "Brownsville"]
[Date "2017.10.22"]
[Round "3"]
[White "Preotu, Razvan"]
[Black "Vorontsov, Pavlo"]
[Result "1/2-1/2"]
[WhiteElo "2502"]
[BlackElo "2522"]
[Annotator "TA"]
[PlyCount "114"]
[EventDate "2017.??.??"]
[EventType "team-tourn"]
[EventCountry "USA"]
[SourceTitle "playchess.com"]
[Source "ChessBase"]
[SourceQuality "1"]

{[%evp 13,114,-3,0,-4,0,-15,14,0,0,0,0,-14,0,0,0,-14,0,0,0,0,0,-24,-21,-19,0,-10,-7,-5,-9,-8,-12,-33,-11,-20,-9,-7,-6,-40,-10,-14,0,0,0,0,0,0,0,0,0,0,0,0,0,0,0,0,0,0,0,0,0,0,0,0,0,0,0,0,0,0,0,0,0,0,0,0,2,0,0,0,0,0,0,0,0,-6,0,0,0,0,0,0,0,0,0,0,0,0,0,0,0,0,0]} 1. e4 e6 2. d3 d5 3. Nd2 Nf6 4. Ngf3 Be7 5. g3 a5 (5... O-O 6. Bg2 c5 7. O-O Nc6 8. Re1 b5 9. e5 Ne8 10. Nf1 a5 11. h4 b4 12. N1h2 a4 13. Ng4 Kh8 14. a3 bxa3 15. Rxa3 c4 16. Ra1 cxd3 17. Qxd3 Nb4 18. Qd1 Bd7 {½-½ (51) Zhigalko,S (2640)-Granda Zuniga,J (2636) Khanty-Mansiysk 2010}) 6. Bg2 {C00: French: Unusual White 2nd moves} a4 7. O-O O-O {LiveBook: 21 Games} 8. Re1 $146 ({Predecessor:} 8. a3 c5 9. Re1 Nc6 10. e5 Ne8 11. Nf1 b5 12. h4 b4 13. Bg5 {½-½ (20) Lazic,M (2467)-Savicevic,V (2350) Novi Sad 2016}) 8... a3 9. bxa3 Bxa3 10. e5 Nfd7 11. Bxa3 Rxa3 12. Nd4 Nc6 13. Nxc6 bxc6 14. Nb3 Qe7 15. Qc1 Ba6 16. c4 Ra4 17. cxd5 cxd5 18. Qc6 Nb6 19. Nc5 Ra5 20. Nxa6 Rxa6 21. Rec1 Ra7 22. Rab1 Qa3 23. Qc3 Qxc3 24. Rxc3 Rfa8 25. Rc6 Kf8 26. Rbc1 $1 {The position is equal.} Ke8 27. Rxc7 Rxc7 28. Rxc7 Rxa2 $11 {[%mdl 4096] Endgame KRB-KRN} 29. Rb7 Nd7 30. d4 Kd8 31. Bf1 {[#] Strongly threatening Bb5.} Kc8 32. Rb3 Ra4 33. Rf3 f5 34. exf6 Nxf6 35. Re3 Rxd4 36. Rxe6 Re4 37. Ra6 Kb7 38. Kg2 Re7 39. Bd3 h6 40. h3 Nd7 41. Rd6 Nf6 42. Kf3 Kc7 43. Ra6 Nd7 44. Bb5 Nf6 45. Rc6+ Kb7 46. Rc2 Kb6 47. Bd3 Nd7 48. Kf4 Nc5 49. Bf1 Kc6 50. Kf5 Kd6 51. Bg2 Re6 52. Rd2 g6+ 53. Kf4 Re5 54. Kg4 Rg5+ 55. Kh4 Rh5+ 56. Kg4 Rg5+ 57. Kh4 Rh5+ {Precision: White = 70%, Black = 74%.} 1/2-1/2

[Event "Texas Collegiate chT 2017"]
[Site "Brownsville"]
[Date "2017.10.22"]
[Round "3"]
[White "Popilski, Gil"]
[Black "Stukopin, Andrey"]
[Result "1/2-1/2"]
[WhiteElo "2499"]
[BlackElo "2592"]
[Annotator "TA"]
[PlyCount "41"]
[EventDate "2017.??.??"]
[EventType "team-tourn"]
[EventCountry "USA"]
[SourceTitle "playchess.com"]
[Source "ChessBase"]
[SourceQuality "1"]

{[%evp 19,41,0,7,0,-10,0,-3,-8,41,31,45,35,41,25,27,0,0,0,0,0,0,0,0,0]} 1. d4 Nf6 2. c4 e6 3. Nc3 Bb4 4. e3 O-O 5. Bd3 d5 6. Nge2 c5 7. cxd5 cxd4 8. exd4 Nxd5 9. O-O Nc6 10. Bc2 b6 11. Nxd5 {E48: Nimzo-Indian: Rubinstein: 5 Bd3 d5 including 6 Ne2, but excluding 6 a3} Qxd5 12. Qd3 $146 {[%csl Gc2][%cal Rd3h7] [#]} ({Predecessor:} 12. Nf4 Qxd4 13. Qf3 Bb7 14. Rd1 Qf6 15. Qh3 g6 16. Be4 Rfd8 17. Be3 Rxd1+ 18. Rxd1 Rd8 19. Rc1 Qxb2 20. g3 Bd2 21. Bxd2 Qxd2 22. Rb1 Qxa2 23. Qh4 Rd4 {0-1 (23) Vajda,A (2400)-Negulescu,A (2445) Brasov 1998}) 12... g6 13. Bb3 Qa5 14. Bh6 {aiming for Qf3.} Ba6 15. Qf3 {White threatens Qf6 and mate.} Rfd8 $1 ({Inferior is} 15... Bxe2 16. Qf6 Qe5 17. dxe5 Bxf1 18. Qg7#) 16. Qf6 {[%csl Gh6][%cal Rf6g7] [#]} Bf8 17. Bxe6 fxe6 {The position is equal.} 18. Qxe6+ Kh8 19. Qf6+ Kg8 20. Qe6+ $1 Kh8 21. Qf6+ 1/2-1/2

[Event "Texas Collegiate chT 2017"]
[Site "Brownsville"]
[Date "2017.10.22"]
[Round "3"]
[White "Shtembuliak, Evgeny"]
[Black "Drozdowski, Kacper"]
[Result "1-0"]
[WhiteElo "2488"]
[BlackElo "2476"]
[Annotator "TA"]
[PlyCount "149"]
[EventDate "2017.??.??"]
[EventType "team-tourn"]
[EventCountry "USA"]
[SourceTitle "playchess.com"]
[Source "ChessBase"]
[SourceQuality "1"]

{[%evp 15,149,20,23,0,8,0,26,-10,6,12,10,3,10,0,10,7,27,2,25,-11,0,-49,-47,-53,0,0,15,-36,-6,-16,4,-20,-18,-50,-48,-72,-44,-42,-39,-53,-38,-51,-31,-34,-27,-33,-12,-38,-37,-35,-15,-46,60,53,99,26,26,27,26,26,26,26,25,0,19,0,33,0,8,8,196,0,101,98,119,102,221,185,196,190,200,167,164,112,163,152,190,198,312,307,305,312,312,309,309,300,300,314,398,276,398,391,363,386,369,370,350,340,445,83,62,0,379,0,90,100,116,41,127,96,327,329,307,282,637,635,29979,29979,29981,29982,29980,29980,29988,29989,29991,29992]} 1. b3 g6 2. Bb2 Nf6 3. Bxf6 exf6 4. c4 Bg7 5. Nc3 O-O (5... f5 6. Rc1 c5 7. g3 O-O 8. Bg2 Nc6 9. Nh3 g5 10. f4 h6 11. O-O d6 12. fxg5 hxg5 {1-0 (40) Rapport,R (2709)-Naiditsch,A (2711) Jurmala 2015}) 6. g3 {A01: Nimzowitsch-Larsen Opening} f5 7. Rc1 d6 8. Bg2 Nd7 {LiveBook: 13 Games} 9. Nh3 c6 10. O-O Re8 $146 ({Predecessor:} 10... Nf6 11. e3 Re8 12. Nf4 Bd7 {½-½ (20) Amiard,J-Martin,J Vincennes 1994}) 11. b4 Nf6 12. e3 Ne4 13. Ne2 Bd7 14. d3 Nf6 $1 15. Nc3 Rc8 16. a4 Ng4 17. a5 h5 18. a6 bxa6 19. Qa4 Ne5 (19... a5 $15) 20. Rfd1 $11 a5 21. bxa5 ({Better is} 21. Qxa5 $11 Qxa5 22. bxa5) 21... g5 $15 {[%cal Bg6g5,Bg5g4][%mdl 32]} 22. Qa3 Be6 $36 {[%mdl 2048] Black has good play.} 23. Ne2 Ng6 24. c5 d5 25. d4 Rb8 26. f4 g4 27. Nf2 $1 Bc8 28. a6 Nf8 29. Rb1 Qc7 30. Rdc1 Nd7 31. Bf1 Bf6 32. Nd1 h4 33. Nec3 h3 (33... Rxb1 $15 34. Rxb1 hxg3 35. hxg3 Be7) 34. Rxb8 $14 Qxb8 35. Rb1 (35. Bd3 $16) 35... Qc7 $11 36. Bd3 Nf8 37. Kf2 Ne6 38. Ne2 (38. Bxf5 $2 Nxd4 39. Bxc8 Qxc8 $19) 38... Ng7 39. Qb4 Bd8 40. Qb8 Kf8 41. Qxc7 Bxc7 42. Nc1 Ne6 $2 (42... Nh5 $11 {and Black stays safe.}) 43. Ne2 $2 (43. Bxf5 $18 Nxc5 44. dxc5 Bxf5 45. Rb7) 43... Nd8 (43... Ng7 $1 $11) 44. Ndc3 $16 Ke7 45. Na4 $1 Be6 (45... Kf6 $16) 46. Nc1 f6 47. Na2 Rg8 48. Rb3 Rf8 49. Nc1 ({White should try} 49. Rb2 $18) 49... Rg8 (49... Kd7 $16 {might work better.}) 50. Rb4 $18 Rf8 51. Nb3 $1 Rg8 {[#]} (51... Kf7 $142 52. Nb6 Ke7) 52. Nb6 $1 {[%mdl 512]} Nf7 (52... axb6 53. cxb6) 53. Na5 $1 {[%cal Ra5c6]} Nd8 54. Rb1 Rh8 55. Bc2 Rg8 56. Ba4 Bd7 {[#]} 57. Nxc6+ $1 {[%mdl 512]} Bxc6 58. Bxc6 Nxc6 59. Nxd5+ Kd8 60. Rb7 Rg7 61. Ke2 (61. Nxc7 Rxc7 62. d5 Rxb7 $15) (61. Nxf6 Rf7 $16) 61... Kc8 62. Kd3 $2 (62. Nc3 $1 $18) 62... Rf7 $16 63. Ke2 (63. Nc3 $14) 63... Kd8 $2 {[%mdl 8192]} (63... Rg7 $11) 64. Kd3 $2 ({And not} 64. Nxc7 Rxc7 65. d5 Rxb7 $11) (64. Nc3 $1 $18 {and the rest is easy.}) 64... Kc8 65. Nc3 $1 {[%mdl 1024] d5 is the strong threat. White has strong compensation.} (65. Nxc7 Rxc7 66. Rb1 Nb8 $15) 65... Rd7 {[#]} 66. d5 ({White must play} 66. Nb5 $1 $16) 66... Na5 (66... Ba5 $14) 67. Rb5 ({Stronger than} 67. Rxa7 Kb8 $15) 67... Nc6 $2 {[#]} (67... Rd8 $16) 68. Kc4 $1 $18 Nb8 69. Rb7 Nxa6 $2 (69... Bd8 70. c6 Rxb7 71. axb7+ Kc7 72. Nb5+ Kb6) 70. c6 Re7 71. Rxa7 {White mates.} Nb8 72. Nb5 Kd8 73. Kc5 Rxe3 74. Nxc7 Rc3+ 75. Kd6 {Precision: White = 56%, Black = 28%.} 1-0

[Event "Texas Collegiate chT 2017"]
[Site "Brownsville"]
[Date "2017.10.22"]
[Round "3"]
[White "Arribas Lopez, Angel"]
[Black "Hevia Alejano, Carlos Antonio"]
[Result "1-0"]
[WhiteElo "2470"]
[BlackElo "2496"]
[Annotator "TA"]
[PlyCount "57"]
[EventDate "2017.??.??"]
[EventType "team-tourn"]
[EventCountry "USA"]
[SourceTitle "playchess.com"]
[Source "ChessBase"]
[SourceQuality "1"]

{[%evp 9,57,-13,-6,-12,8,2,6,0,11,4,33,34,55,21,31,19,60,52,61,52,67,22,29,29,23,29,27,21,34,33,21,31,34,0,16,6,62,56,69,87,92,87,86,79,106,108,153,165,348,345]} 1. e4 e6 2. Qe2 c5 3. g3 Nc6 4. d3 (4. Nf3 g6 5. Bg2 Bg7 6. c3 Nge7 7. d3 e5 8. a3 a5 9. a4 O-O 10. Na3 d5 11. O-O h6 12. exd5 Nxd5 13. Nd2 b6 {½-½ (26) Ivanchuk,V (2710)-Harikrishna,P (2753) Huaian 2016}) 4... g6 5. h4 $146 ({Predecessor:} 5. Nf3 Bg7 6. Bg2 Nge7 7. O-O O-O 8. h4 e5 9. c3 d6 10. Nh2 f5 11. exf5 gxf5 12. f4 Kh8 13. Na3 Be6 14. Nf3 Qd7 15. fxe5 dxe5 {0-1 (44) Janev,E (2487)-Francisco,J (2210) Loures 2001}) 5... h5 6. Bg5 {C00: French: Unusual White 2nd moves} Qc7 7. Bg2 Bg7 8. c3 {The position is equal.} b5 9. Nf3 d6 10. O-O Rb8 11. Rd1 (11. d4 $5) 11... e5 12. Na3 Nh6 13. d4 a6 $1 {[%cal Re5d4]} 14. dxc5 dxc5 15. Qd2 Ng4 16. Qd6 Qxd6 17. Rxd6 Bb7 18. Nh2 f6 19. Nxg4 fxg5 20. Ne3 $36 {[%mdl 2048] White has some pressure.} gxh4 21. gxh4 Ne7 22. Rad1 Kf7 (22... Rf8 $11) 23. Rb6 $14 {Black must now prevent Rd7.} Rhc8 24. Rdd6 $1 Rc6 25. Rdxc6 Nxc6 {[#]} 26. Nd5 $1 Bf8 {[#]} 27. Nc7 $1 Be7 {And now ...Bd8 would win.} 28. Nxa6 Bd8 $2 (28... Bxa6 {was called for.} 29. Rxa6 Nd8) 29. Rxc6 {Precision: White = 69%, Black = 34%.} ({Less strong is} 29. Nxb8 Bxb6 30. Nd7 (30. Nxb5 Nxb8 31. Nd6+ Ke6 $16) 30... Bd8 $18) ({Worse is} 29. Nxb5 Bxa6 30. Nd6+ Ke7 $14) 1-0

[Event "Texas Collegiate chT 2017"]
[Site "Brownsville"]
[Date "2017.10.22"]
[Round "3"]
[White "Hernandez Carmenate, Holden"]
[Black "Baryshpolets, Andrey"]
[Result "1-0"]
[WhiteElo "2463"]
[BlackElo "2580"]
[Annotator "TA"]
[PlyCount "140"]
[EventDate "2017.??.??"]
[EventType "team-tourn"]
[EventCountry "USA"]
[SourceTitle "playchess.com"]
[Source "ChessBase"]
[SourceQuality "1"]

{[%evp 19,140,44,40,31,14,-2,-5,-14,-12,-10,-6,-15,0,-6,0,0,0,0,0,0,16,16,16,16,13,15,10,8,38,27,41,31,34,34,34,52,51,51,49,47,46,43,105,104,127,132,135,130,127,108,130,118,156,125,132,135,141,141,141,141,141,141,141,133,141,147,281,252,220,141,141,132,141,0,140,120,139,138,139,128,133,117,113,106,129,127,127,134,134,116,116,113,116,116,137,107,135,102,102,91,91,91,91,91,95,19,35,0,0,0,0,0,0,0,0,0,0,0,0,0,0,0,0]} 1. d4 d5 2. c4 c6 3. Nc3 Nf6 4. cxd5 cxd5 5. Bf4 Nc6 6. e3 a6 7. Bd3 Bg4 8. f3 Bh5 9. Qb3 {D10: Slav Defence: 3 cxd5 (without early Nf3) and 3 Nc3} (9. Nge2 e6 10. g4 Bg6 11. h4 Nb4 12. Bb1 Bxb1 13. Rxb1 Be7 14. Kf2 Nd7 15. g5 Rc8 16. a3 Nc6 17. Qg1 {0-1 (82) Wang,Y (2706)-Ma,Q (2559) Xinghua 2013}) 9... Ra7 10. Rc1 e6 {LiveBook: 4 Games} 11. Na4 $146 {White is slightly better.} ({Predecessor:} 11. Nge2 Bg6 12. Bxg6 hxg6 13. Na4 Nh5 14. Nc5 Na5 15. Qd3 Bxc5 16. Rxc5 Nc4 {0-1 (26) Roos,M (2384)-Svetushkin,D (2546) Istanbul 2004}) 11... Bg6 12. Nc5 Bxc5 13. Rxc5 Nd7 14. Rc3 Bxd3 15. Rxd3 O-O 16. Ne2 e5 17. Bg3 exd4 18. exd4 Re8 19. Re3 b5 20. Kf2 Nb6 21. Re1 Rae7 22. Rxe7 Qxe7 23. Qc3 Qf6 24. b3 Nc8 25. Nf4 {[%cal Re1e8]} Rxe1 26. Nxd5 Qd8 $1 {...Re6 is the strong threat.} 27. Qxe1 Nxd4 28. Qc3 $40 {[%mdl 128] White has some attack.} Nf5 $1 29. Qc7 {[%cal Rc7d8]} Qe8 $1 30. Bf4 h6 {[#]} (30... Nce7 $14 31. Nxe7+ Nxe7) 31. Bxh6 $1 $16 {[%mdl 512]} Qe6 (31... Nxh6 32. Qxc8) 32. Qd8+ Kh7 33. Bf4 Qc6 34. Ne3 {aiming for Qd3.} Nxe3 35. Qd3+ g6 {Hoping for ...Nd5.} 36. Bxe3 Ne7 37. Bd2 Nf5 38. g4 Ne7 39. h4 {[%cal Bh2h4,Bh4h5][%mdl 32]} Nd5 40. h5 Qe6 41. Qe4 Qd6 42. Ke2 Kg7 (42... Qd7 $16 43. Kf1 Kg7 44. hxg6 fxg6) 43. Qd4+ Kg8 44. hxg6 fxg6 45. Kd3 Qc6 46. Ke2 ({White should try} 46. Qe5 $16) 46... Kf7 (46... Qd6 $11) 47. Kd1 Qe6 48. Qa7+ Ke8 49. Qg7 Qd6 50. Qg8+ Kd7 51. Qf7+ Kc8 52. Qe8+ Kb7 53. Qe4 Kc8 {White must now prevent ...Nc3+.} 54. Qd4 Qe6 55. Qc5+ Kb7 56. Kc2 Qe5 57. Qf8 Qc7+ 58. Kb1 Qd7 59. Qc5 Qf7 60. f4 Qe6 61. Qd4 Kc6 62. b4 (62. g5 $16) 62... Kb7 63. Kc2 Nb6 {The position is equal.} 64. Qg7+ Nd7 65. f5 gxf5 66. g5 Qxa2+ 67. Kc1 Qa3+ 68. Kc2 Qa2+ 69. Kc1 Qa3+ 70. Kc2 Qa2+ {[%mdl 32768] Precision: White = 69%, Black = 46%. . Loss on Time!?} 1-0

[Event "Texas Collegiate chT 2017"]
[Site "Brownsville"]
[Date "2017.10.22"]
[Round "3"]
[White "Vazquez, Guillermo"]
[Black "Andrenko, Irina"]
[Result "1-0"]
[WhiteElo "2430"]
[BlackElo "2146"]
[Annotator "TA"]
[PlyCount "77"]
[EventDate "2017.??.??"]
[EventType "team-tourn"]
[EventCountry "USA"]
[SourceTitle "playchess.com"]
[Source "ChessBase"]
[SourceQuality "1"]

{[%evp 20,77,41,40,57,41,39,34,43,35,37,37,53,35,80,65,86,77,84,78,102,80,62,69,118,58,57,63,140,-30,-40,-45,-22,-58,0,-43,11,23,25,27,49,35,28,0,-7,-19,0,-62,367,362,355,354,319,180,692,664,1185,1189,29995,29996]} 1. d4 Nf6 2. c4 g6 3. Nc3 Bg7 4. e4 d6 5. Nf3 O-O 6. Be2 c5 7. O-O Re8 8. h3 {E91: Königsindisch (Klassisches System)} (8. Be3 Ng4 9. Bg5 h6 10. Bc1 Nd7 11. h3 cxd4 12. Nxd4 Ngf6 13. Be3 b6 14. Qd2 h5 15. Bh6 Bb7 16. Bxg7 Kxg7 {½-½ (42) Giri,A (2764)-Carlsen,M (2851) Leuven 2017}) 8... cxd4 9. Nxd4 Nc6 10. Be3 Nxd4 11. Bxd4 {LiveBook: 3 Partien} Bd7 12. Qd2 Bc6 13. f3 $146 ({Vorgänger:} 13. Qe3 Qa5 14. f4 e5 15. fxe5 dxe5 {0-1 (59) Stern,R (2521)-Melkumyan,H (2653) Germany 2017}) 13... Nd7 14. Bf2 a5 15. b3 Nc5 16. Rab1 f5 17. exf5 gxf5 18. Rbd1 b6 19. Nb5 Qd7 20. Rfe1 Rad8 21. Bh4 Rf8 22. Qg5 (22. a3 $16) 22... Rde8 23. Nd4 $1 Bb7 (23... Kh8 $14) 24. Bf1 $2 ({Weiss braucht} 24. Bd3 $1 $16 e6 25. Bc2) 24... e5 $11 25. Nb5 Re6 26. Qd2 Rg6 (26... Rh6 $1 $15 27. Bg5 Rg6 28. Nxd6 Bxf3 29. gxf3 h6) 27. Kh1 Bh6 (27... e4 $15 28. Nc3 (28. Nxd6 Bc6 $15) 28... exf3) 28. Qf2 {Txe5! ist eine echte Drohung.} e4 29. f4 $1 Nd3 30. Bxd3 exd3 31. Re7 Qc6 {[%cal Rg6g2]} 32. Rg1 {[#] Schwarz muss nun Tc7 beachten.} (32. Bg5 $5 Bxg5 33. fxg5 Rxg5 34. Rg1 $11) 32... Bg7 33. Bg3 (33. Re3 $11) 33... h5 $2 {[%mdl 8192]} (33... Re8 $1 $15 {bleibt weiter vorne.} 34. Rxe8+ (34. Na7 $2 Qxg2+ 35. Rxg2 Rxe7 $19) 34... Qxe8) 34. Na7 $18 Qc5 {Droht ...Ld4 und aus.} 35. Rxb7 Bd4 36. Qe1 (36. Qf3 $142 Bxg1 37. Nc6 (37. Qxh5 Rg7 $11)) 36... d2 $2 (36... d5) 37. Qe2 Be3 {[#]} 38. Bf2 $1 {[%mdl 512]} Re8 (38... Bxf2 39. Qe7) 39. Qxh5 {Precision: Weiß = 45%, Schwarz = 26%.} 1-0

[Event "Texas Collegiate chT 2017"]
[Site "Brownsville"]
[Date "2017.10.22"]
[Round "3"]
[White "Ruiz Castillo, Joshua Daniel"]
[Black "Concha Munoz, Claudia"]
[Result "1-0"]
[WhiteElo "2379"]
[BlackElo "1862"]
[Annotator "NA"]
[PlyCount "75"]
[EventDate "2017.??.??"]
[EventType "team-tourn"]
[EventCountry "USA"]
[SourceTitle "playchess.com"]
[Source "ChessBase"]
[SourceQuality "1"]
[TimeControl "5400+30"]

1. e4 {[%emt 0:00:00]} e6 {[%emt 0:00:38]} 2. d4 {[%emt 0:00:00]} d5 {[%emt 0:00:02]} 3. Nc3 {[%emt 0:00:00]} Nf6 {[%emt 0:00:10]} 4. Bg5 {[%emt 0:01:33]} Be7 {[%emt 0:00:59]} 5. e5 {[%emt 0:00:05]} Nfd7 {[%emt 0:00:23]} 6. Bxe7 {[%emt 0:00:07]} Qxe7 {[%emt 0:00:02]} 7. f4 {[%emt 0:00:10]} a6 {[%emt 0:02:04]} 8. Nf3 {[%emt 0:00:05]} c5 {[%emt 0:01:38]} 9. Bd3 {[%emt 0:00:14]} Nc6 {[%emt 0:06:01]} 10. O-O {[%emt 0:01:53]} Nxd4 {[%emt 0:10:39] C14: French: Classical System: 4 Bg5 Be7 main line} (10... b5 11. a3 g6 12. dxc5 Qxc5+ 13. Kh1 Bb7 14. Qe1 Rc8 15. Qh4 Qe7 16. Qh6 Qf8 17. Qh3 Nc5 18. Ng5 {0-1 (30) Bozanic,I (2234)-Muratovic,E (2277) Zadar 2013}) 11. Nxd4 {[%emt 0:00:28]} cxd4 {[%emt 0:00:03]} 12. Ne2 {[%emt 0:00:10]} Qc5 $146 {[%emt 0:05:54]} ({Predecessor:} 12... Qb4 13. c3 dxc3 14. bxc3 Qc5+ 15. Kh1 g6 16. Rc1 b6 17. Qe1 Bb7 18. Nd4 {0-1 (50) Rosenhain,R (1730)-Riedel,E (1758) Hannover 2015}) 13. Qe1 {[%emt 0:03:12]} f5 {[%emt 0:08:01]} 14. Qf2 {[%emt 0:19:34]} O-O {[%emt 0:04:41]} 15. Nxd4 {[%emt 0:02:09]} Nb8 {[%emt 0:01:03]} 16. Rfc1 {[%emt 0:02:13]} Nc6 {[%emt 0:14:12]} 17. Nxc6 {[%emt 0:01:15]} Qxf2+ {[%emt 0:01:16]} 18. Kxf2 {[%emt 0:00:01]} bxc6 {[%emt 0:00:01]} 19. c4 {[%emt 0:00:01]} Rb8 {[%emt 0:03:52]} 20. b3 {[%emt 0:00:16]} Rb4 {[%emt 0:02:54]} 21. Rab1 {[%emt 0:01:53]} Bd7 {[%emt 0:06:36]} 22. a3 {[%emt 0:00:19]} Rb6 {[%emt 0:00:58]} 23. b4 {[%emt 0:00:47]} Ra8 {[%emt 0:02:22]} 24. Ke3 {[%emt 0:02:51]} Kf7 {[%emt 0:02:07]} 25. Kd4 {[%emt 0:01:41]} Ke7 $16 {[%emt 0:01:20]} 26. cxd5 {[%emt 0:06:33]} exd5 {[%emt 0:01:36]} 27. Rc5 {[%emt 0:00:47]} Ke6 {[%emt 0:01:26]} 28. Ra5 {[%emt 0:00:16]} Bc8 {[%emt 0:00:08]} 29. Rc1 {[%emt 0:00:36]} g6 {[%emt 0:03:53]} 30. h3 {[%emt 0:00:19]} Rab8 {[%emt 0:01:46]} 31. g4 {[%emt 0:00:26]} Kf7 {[%emt 0:04:28]} 32. Rac5 {[%emt 0:01:49]} Bd7 {[%emt 0:01:22]} 33. gxf5 {[%emt 0:00:23]} gxf5 {[%emt 0:00:27]} 34. Rg1 {[%emt 0:00:28]} h6 {[%emt 0:00:24]} 35. Ra5 {[%emt 0:00:23]} Bc8 {[%emt 0:03:05]} 36. Kc5 {[%emt 0:00:16]} Bd7 {[%emt 0:02:21]} 37. Bxa6 {[%emt 0:00:31]} Be6 {[%emt 0:00:49]} 38. Be2 {[%emt 0:00:11]} 1-0

[Event "Texas Collegiate chT 2017"]
[Site "Brownsville"]
[Date "2017.10.22"]
[Round "3"]
[White "Heredia Serrano, Carla"]
[Black "Ynojosa Aponte, Felix Jose"]
[Result "0-1"]
[WhiteElo "2116"]
[BlackElo "2433"]
[Annotator "TA"]
[PlyCount "66"]
[EventDate "2017.??.??"]
[EventType "team-tourn"]
[EventCountry "USA"]
[SourceTitle "playchess.com"]
[Source "ChessBase"]
[SourceQuality "1"]

{[%evp 17,66,31,44,35,43,42,42,39,39,43,43,41,39,-2,59,6,15,9,0,-61,23,30,75,0,0,12,27,-38,-29,-67,-7,-121,-108,-108,-109,-289,-279,-591,-601,-591,-594,-828,-827,-826,-822,-891,-873,-1237,-1208,-5302,-1665]} 1. e4 c5 2. Nf3 Nc6 3. Bb5 e6 4. Bxc6 bxc6 5. d3 Ne7 6. Qe2 Ng6 7. h4 h5 {B30: Sicilian: 2...Nc6 3 Bb5, lines without ...g6} 8. e5 f6 9. Qe4 Kf7 {LiveBook: 35 Games. White is slightly better.} 10. b3 $146 ({Predecessor:} 10. Nbd2 d5 11. exd6 Qxd6 12. Nb3 Qd5 13. Be3 Qxe4 14. dxe4 c4 15. Nbd2 {1-0 (42) Solodovnichenko,Y (2576)-Nataf,I (2535) Chartres 2017}) 10... Nxe5 11. Nxe5+ fxe5 12. Bb2 d6 13. Nd2 {[%mdl 1024] White has compensation.} Kg8 14. O-O-O Rb8 15. Rdf1 Be7 (15... Rb4 $11 16. c4 Qe8) 16. f4 (16. g3 $14) 16... exf4 $11 {And now ...e5 would win.} 17. Qxf4 {White threatens Qf7+ and mate.} (17. Rxf4 e5 $17) 17... Qe8 $1 18. Nf3 ({White should play} 18. Nc4 $11 Rb4 19. Nxd6 Rxf4 20. Nxe8 Rxf1+ 21. Rxf1) 18... Qg6 ({And not} 18... e5 19. Nxe5 $1 {[%mdl 512]} Rb4 20. Nc4 $18) (18... Rb4 $15 19. c4 e5) 19. Qa4 ({Of course not} 19. Ng5 Rb4 $15) 19... Kh7 ({But not} 19... Qxg2 $2 20. Rhg1 $18) 20. Qxc6 (20. g4 $16) 20... e5 21. Kb1 Re8 22. Bc1 (22. Rf2 $11) 22... Bb7 $36 {[%mdl 2048] Black has good play.} 23. Qa4 e4 (23... Qg4 $15 24. Qxa7 e4 25. dxe4 Bxe4) 24. dxe4 (24. Ng5+ $1 $11 {keeps the balance.} Bxg5 25. hxg5 exd3 26. Qg4 dxc2+ 27. Kb2) 24... Bxe4 $17 25. Rf2 Rb4 26. Qd7 $2 {[#]} (26. Qa5 $17 {was worth a try.}) 26... c4 $1 $19 {[%cal Rc4b3]} 27. Bb2 $2 (27. Ka1 cxb3 28. cxb3) 27... cxb3 {Black is clearly winning.} 28. axb3 Rxb3 29. Ka1 Rb7 30. Qa4 Reb8 31. Bc3 Rc8 32. Bb2 Bxc2 33. Qd4 Rxb2 {Precision: White = 26%, Black = 47%.} (33... Rc6 $142 34. Rxc2 Rxc2) 0-1